Catálogo
 En Linea

Niñez, legislación y periodismo en República Dominicana. (Registro nro. 38598)

Detalles MARC
000 -CABECERA
campo de control de longitud fija 00661nam a2200157 a 4500
001 - NÚMERO DE CONTROL
campo de control 000039108
005 - FECHA Y HORA DE LA ÚLTIMA TRANSACCIÓN
campo de control 20240304105159.0
008 - DATOS DE LONGITUD FIJA--INFORMACIÓN GENERAL
campo de control de longitud fija 130522s1998 dr c 000 0 spa d
040 ## - FUENTE DE LA CATALOGACIÓN
Centro catalogador/agencia de origen DO-SdBNP
Lengua de catalogación spa
Centro/agencia transcriptor BNPHU
110 ## - ENTRADA PRINCIPAL--NOMBRE DE ENTIDAD CORPORATIVA
Nombre de entidad corporativa o nombre de jurisdicción como elemento de entrada República Dominicana
Unidad subordinada Secretaría de Estado de Salud Pública y Asistencia Social
-- Consejo Nacional de Población y Familia
9 (RLIN) 54778
245 10 - MENCIÓN DE TÍTULO
Título Niñez, legislación y periodismo en República Dominicana.
260 ## - PUBLICACIÓN, DISTRIBUCIÓN, ETC.
Lugar de publicación, distribución, etc. Santo Domingo :
Nombre del editor, distribuidor, etc. Consejo Nacional de Población y Familia,
Fecha de publicación, distribución, etc. 1998.
300 ## - DESCRIPCIÓN FÍSICA
Extensión 89 p. :
Otras características físicas retrs. ;
Dimensiones 21 cm.
490 1# - MENCIÓN DE SERIE
Mención de serie Cuadernos de Población y Familia
Designación de volumen o secuencia no. 3
830 #0 - PUNTO DE ACCESO ADICIONAL DE SERIE-TÍTULO UNIFORME
Título uniforme Cuadernos de Población y Familia
Número de parte o sección de la obra 3
9 (RLIN) 65317
Existencias
Estado de retiro Estado de pérdida Fuente del sistema de clasificación o colocación No para préstamo Código de colección Localización permanente Ubicación/localización actual Ubicación en estantería Fecha de adquisición Número de inventario Total de préstamos Signatura topográfica completa Código de barras Fecha visto por última vez Precio válido a partir de Tipo de ítem Koha Restricciones de uso Fuente de adquisición Número de copia
    Dewey Decimal Classification Excluido de préstamo Patrimonio Dominicano Biblioteca Nacional Pedro Henríquez Ureña Patrimonio Dominicano Depósito 22.05.2013 LF1   39108-10 25.06.2020 25.06.2020 Libro y Folleto Colección Patrimonio Dominicano      
    Dewey Decimal Classification Excluido de préstamo Patrimonio Dominicano Biblioteca Nacional Pedro Henríquez Ureña Patrimonio Dominicano Depósito 19.08.2021       2021-25508 19.08.2021 19.08.2021 Libro y Folleto Colección Patrimonio Dominicano Préstamo interno Donación e.2

Con tecnología Koha